US state capitals by letter-C - Statistics

General Stats
  • This quiz has been taken 20 times
    18 since last reset
  • The average score is 5 of 6
Answer Stats
Answer % Correct
Columbia
100%
Columbus
100%
Carson city
94%
Charleston
88%
Cheyenne
88%
Concord
76%
No matching quizzes found
Score Distribution
Percent of People with Each Score
Percentile by Number Answered
Your Score History
You have not taken this quiz since the last reset